[Event "Mondiale Lampo FIDE 2017"]
[Site "Riyadh"]
[Date "29.12.2017"]
[Round "8.34"]
[White "Safarli, Eltaj"]
[Black "Ponkratov, Pavel"]
[Result "0-1"]
[WhiteTitle "GM"]
[BlackTitle "GM"]
[WhiteElo "2639"]
[BlackElo "2613"]
[WhiteFideId "13402129"]
[BlackFideId "4157800"]
[EventDate "2017.12.29"]

1. e4 c5 2. Nf3 b6 3. d4 cxd4 4. Nxd4 Bb7 5. Nc3 a6 6. g3 e6 7. Bg2 Nf6 8. O-O
Qc7 9. Re1 d6 10. Nd5 Nxd5 11. exd5 e5 12. f4 Nd7 13. fxe5 Nxe5 14. Bf4 Be7 15.
Nf5 Bf6 16. Nxd6+ Qxd6 17. Qd4 O-O 18. Bxe5 Bxe5 19. Rxe5 Rac8 20. c3 b5 21.
Rae1 Rc4 22. Qd2 b4 23. cxb4 Qxb4 24. Qxb4 Rxb4 25. b3 Rb5 26. d6 Rxe5 27. Rxe5
Bxg2 28. Kxg2 Rd8 29. Rc5 f5 30. Rc6 a5 31. Kf3 Kf7 32. Kf4 Ke6 33. Ra6 h6 34.
h4 Rb8 35. Rxa5 Rb4+ 36. Kf3 Rd4 37. Ra7 g5 38. hxg5 hxg5 39. d7 Ke5 40. a4 Rd3+
41. Ke2 Ke4 42. a5 f4 43. gxf4 gxf4 44. a6 f3+ 45. Kf2 Rd2+ 46. Kg3 Rg2+ 47. Kh3
Rg8 48. Rc7 f2 49. Rc1 Kf3 50. Rc3+ Ke4 51. Rc1 Kf3 52. Kh4 Kf4 53. Kh5 Kf5 54.
Kh6 Kf6 55. Kh5 Kf5 56. Kh6 Kf6 57. Kh7 Rg7+ 58. Kh8 Rxd7 59. Rf1 Kg6 0-1

[Event "Mondiale Lampo FIDE 2017"]
[Site "Riyadh"]
[Date "29.12.2017"]
[Round "8.35"]
[White "Riazantsev, Alexander"]
[Black "Kuzubov, Yuriy"]
[Result "1-0"]
[WhiteTitle "GM"]
[BlackTitle "GM"]
[WhiteElo "2650"]
[BlackElo "2699"]
[WhiteFideId "4125029"]
[BlackFideId "14112906"]
[EventDate "2017.12.29"]

1. d4 Nf6 2. c4 e6 3. Nf3 d5 4. Nc3 Nbd7 5. e3 Be7 6. b3 O-O 7. Bb2 b6 8. cxd5
exd5 9. Bd3 Bb7 10. O-O Re8 11. Ne5 a6 12. f4 Nf8 13. g4 Ne4 14. Nxe4 dxe4 15.
Bc4 Bd5 16. a4 c6 17. g5 b5 18. axb5 cxb5 19. Bxd5 Qxd5 20. Ba3 b4 21. Bb2 Ne6
22. Rc1 Rec8 23. Rc4 f6 24. Qc2 Rxc4 25. bxc4 Qb7 26. gxf6 Bxf6 27. d5 Nc5 28.
Bd4 b3 29. Qg2 Rc8 30. Nc6 Bxd4 31. exd4 b2 32. Rb1 Na4 33. Qxe4 Nc3 34. Qe6+
Kf8 35. Rxb2 Qc7 36. d6 Qxc6 37. Qe7+ Kg8 38. d7 Rf8 1-0

[Event "Mondiale Lampo FIDE 2017"]
[Site "Riyadh"]
[Date "29.12.2017"]
[Round "8.36"]
[White "Alekseev, Evgeny"]
[Black "Li, Chao b"]
[Result "1-0"]
[WhiteTitle "GM"]
[BlackTitle "GM"]
[WhiteElo "2616"]
[BlackElo "2732"]
[WhiteFideId "4138147"]
[BlackFideId "8604436"]
[EventDate "2017.12.29"]

1. e4 c5 2. Nf3 d6 3. d4 cxd4 4. Qxd4 Nf6 5. Bb5+ Nbd7 6. O-O a6 7. Bxd7+ Bxd7
8. a4 g6 9. c4 Bg7 10. Nc3 O-O 11. Qd3 Bc6 12. Be3 a5 13. h3 Nd7 14. Nd4 Rc8 15.
b3 Nc5 16. Qc2 Ne6 17. Rad1 Nxd4 18. Bxd4 Bxd4 19. Rxd4 Qb6 20. Rd3 Qc5 21. Re1
b6 22. Nd5 Bxd5 23. exd5 Rce8 24. Rde3 Qb4 25. R1e2 e5 26. dxe6 fxe6 27. Rxe6
Rxe6 28. Rxe6 Qc5 29. Qd2 Rd8 30. Re3 Qf5 31. Rd3 Qf6 32. g3 h5 33. h4 Rd7 34.
Kg2 Kh7 35. Qe3 Qd8 36. Qe6 Qa8+ 37. Rd5 Qd8 38. Rg5 Rg7 39. Qe4 Kh6 40. Rd5 Rd7
41. Rg5 Rg7 42. Rb5 Re7 43. Qf4+ Kh7 44. Rd5 Rd7 45. Qd4 Qa8 46. Qe4 Kg7 47. Qe6
Qc6 48. Kh3 Rf7 49. Kg2 b5 50. axb5 Qb6 51. Qe3 Qb7 52. Qd4+ Kh7 53. Qe4 Kg7 54.
Qd4+ Kh7 55. Kg1 Qe7 56. Qd2 a4 57. bxa4 Qe4 58. Rxd6 Qb1+ 59. Kh2 Qf5 60. Rd4
Re7 61. b6 Qe6 62. a5 Rf7 63. c5 Qc6 64. a6 Qxc5 65. b7 Qc7 66. Rf4 Re7 67. Qb2
Re8 68. a7 1-0

[Event "Mondiale Lampo FIDE 2017"]
[Site "Riyadh"]
[Date "29.12.2017"]
[Round "8.37"]
[White "Eljanov, Pavel"]
[Black "Ganguly, Surya Shekhar"]
[Result "1-0"]
[WhiteTitle "GM"]
[BlackTitle "GM"]
[WhiteElo "2711"]
[BlackElo "2650"]
[WhiteFideId "14102951"]
[BlackFideId "5002150"]
[EventDate "2017.12.29"]

1. c4 e5 2. Nc3 Nf6 3. g3 d5 4. cxd5 Nxd5 5. Bg2 Nb6 6. Nf3 Nc6 7. O-O Be7 8. b3
O-O 9. Bb2 Re8 10. Rc1 Bf8 11. d3 Bg4 12. h3 Bh5 13. Ne4 Rb8 14. Nc5 Bxc5 15.
Rxc5 f6 16. a3 Qd7 17. b4 Bf7 18. Qc2 Rbc8 19. Rc1 a6 20. Nd2 Nd5 21. Nb3 Qd6
22. Qd2 Ndxb4 23. axb4 Bxb3 24. b5 axb5 25. Rxb5 Bf7 26. Rxb7 Nd4 27. Bxd4 exd4
28. Bf3 c5 29. Kg2 Re7 30. Rcb1 Bd5 31. Qf4 Bxf3+ 32. Qxf3 Rce8 33. Rxe7 Rxe7
34. h4 h6 35. h5 Qe6 36. Rb2 Kh7 37. g4 Qd6 38. Qf5+ Kg8 39. Ra2 Qc6+ 40. Kg1
Re8 41. Qg6 Rb8 42. f3 Qc7 43. Kg2 Qe7 44. Qe4 Qd7 45. Qf5 Qf7 46. Rc2 Re8 47.
Qxc5 Qd7 48. Kf2 Qd8 49. Qc7 Qa8 50. Qc6 Qb8 51. Qc7 Qb1 52. Qd7 Rf8 1-0

[Event "Mondiale Lampo FIDE 2017"]
[Site "Riyadh"]
[Date "29.12.2017"]
[Round "8.38"]
[White "Van Foreest, Jorden"]
[Black "Vidit, Santosh Gujrathi"]
[Result "1/2-1/2"]
[WhiteTitle "GM"]
[BlackTitle "GM"]
[WhiteElo "2629"]
[BlackElo "2715"]
[WhiteFideId "1039784"]
[BlackFideId "5029465"]
[EventDate "2017.12.29"]

1. e4 c5 2. Nc3 e6 3. Nf3 Nc6 4. d4 cxd4 5. Nxd4 Nf6 6. a3 Be7 7. Be2 O-O 8. O-O
d5 9. exd5 Nxd5 10. Nxd5 Qxd5 11. Be3 Nxd4 12. Qxd4 Qxd4 13. Bxd4 Rd8 14. Rad1
Bd7 15. Bf3 Bc6 16. Bxc6 bxc6 17. Be3 a6 18. g3 Kf8 19. Kg2 Ke8 20. Kf3 Rab8 21.
b3 f6 22. a4 Rd5 23. Rd4 e5 24. Rc4 Kd7 25. Ke2 f5 26. f3 h5 27. Rd1 Rb4 28. Rc3
Rxd1 29. Kxd1 e4 30. Ke2 exf3+ 31. Kxf3 Re4 32. Rd3+ Ke6 33. Rc3 Kd5 34. Rd3+
Ke6 35. Rc3 Kd5 36. Rd3+ 1/2-1/2

[Event "Mondiale Lampo FIDE 2017"]
[Site "Riyadh"]
[Date "29.12.2017"]
[Round "8.39"]
[White "Nguyen, Ngoc Truong Son"]
[Black "Mchedlishvili, Mikheil"]
[Result "1-0"]
[WhiteTitle "GM"]
[BlackTitle "GM"]
[WhiteElo "2630"]
[BlackElo "2603"]
[WhiteFideId "12401110"]
[BlackFideId "13600966"]
[EventDate "2017.12.29"]

1. d4 Nf6 2. Nf3 g6 3. Bg5 Bg7 4. Nbd2 O-O 5. c3 d5 6. e3 b6 7. Bd3 Bb7 8. O-O
Nbd7 9. a4 a5 10. Re1 c5 11. Bb5 Qc8 12. Qb3 Ba6 13. Rac1 Bxb5 14. Qxb5 Qa6 15.
Qxa6 Rxa6 16. c4 e6 17. Nb3 Ne4 18. Bf4 Rc8 19. Red1 dxc4 20. Rxc4 Raa8 21. Be5
cxd4 22. Rxc8+ Rxc8 23. Bxg7 Kxg7 24. Rxd4 Ndf6 25. Ne1 e5 26. Rd1 Ng4 27. f3
Nxe3 28. Rd3 Nxg2 29. Kxg2 Ng5 30. Rc3 Rd8 31. Rd3 Rc8 32. Rc3 Rd8 33. h4 Ne6
34. Kf2 Nf4 35. Rc6 Rb8 36. Nd2 b5 37. axb5 Rxb5 38. Nc4 a4 39. Rb6 Rc5 40. Rb4
Rd5 41. Rxa4 Rd1 42. Nxe5 Rb1 43. Rxf4 1-0

[Event "Mondiale Lampo FIDE 2017"]
[Site "Riyadh"]
[Date "29.12.2017"]
[Round "8.40"]
[White "Anton Guijarro, David"]
[Black "Ni, Hua"]
[Result "1-0"]
[WhiteTitle "GM"]
[BlackTitle "GM"]
[WhiteElo "2666"]
[BlackElo "2671"]
[WhiteFideId "2285525"]
[BlackFideId "8601160"]
[EventDate "2017.12.29"]

1. Nf3 d5 2. b3 Nf6 3. Bb2 Bg4 4. g3 Nbd7 5. Bg2 e6 6. O-O Bd6 7. d3 O-O 8. Nbd2
Qe7 9. a3 e5 10. e4 d4 11. h3 Bh5 12. Nc4 b5 13. Nxd6 Qxd6 14. Qd2 c5 15. a4 a6
16. Nh4 Qc7 17. f4 exf4 18. gxf4 Rac8 19. axb5 axb5 20. e5 Ne8 21. Nf5 Nb6 22.
Ng3 g6 23. Nxh5 gxh5 24. Kh1 f5 25. Ra6 Ng7 26. Qa5 Rb8 27. Ra7 Qd8 28. Rg1 Kh8
29. Qxb5 Ne6 30. Qc6 Re8 31. Bf3 Qh4 32. Bg2 Qg3 33. Bc1 Qf2 34. Qf3 Qh4 35. Bd2
Rg8 36. Bf1 Rxg1+ 37. Kxg1 Rg8+ 38. Kh2 Nd5 39. Kh1 Ne3 40. Ra8 Nxf4 41. Rxg8+
Kxg8 42. Bxe3 dxe3 43. Qxe3 Kf7 44. c3 Ne6 45. Bg2 Nf4 46. e6+ Kg7 47. e7 Nxg2
48. Kxg2 f4 1-0

[Event "Mondiale Lampo FIDE 2017"]
[Site "Riyadh"]
[Date "29.12.2017"]
[Round "8.41"]
[White "Aronian, Levon"]
[Black "Dervishi, Erald"]
[Result "1-0"]
[WhiteTitle "GM"]
[BlackTitle "GM"]
[WhiteElo "2805"]
[BlackElo "2552"]
[WhiteFideId "13300474"]
[BlackFideId "4700236"]
[EventDate "2017.12.29"]

1. d4 Nf6 2. Bf4 e6 3. e3 c5 4. c3 b6 5. Nf3 Bb7 6. Nbd2 Be7 7. Bd3 cxd4 8. exd4
d6 9. O-O O-O 10. Re1 Nbd7 11. Nc4 Qc7 12. Ne3 Rfe8 13. h3 Bf8 14. a4 a6 15. Bh2
g6 16. Nd2 e5 17. Bf1 Bg7 18. Qb3 Bc6 19. Rad1 b5 20. axb5 axb5 21. Qc2 Qb7 22.
dxe5 dxe5 23. b4 Nb6 24. Nb3 Qe7 25. Na5 Bd7 26. Bd3 e4 27. Bf1 Rac8 28. Nb7 Na4
29. Nc5 Nxc5 30. Bd6 Qe6 31. bxc5 Bc6 32. Qb1 Nd7 33. Bxb5 Bxc3 34. Bc4 Qf6 35.
Ng4 Qg7 36. Re3 h5 37. Nh6+ Qxh6 38. Rxc3 e3 39. Rxe3 Rxe3 40. fxe3 Qxe3+ 41.
Kh2 Be4 42. Qb3 Nxc5 43. Qxe3 1-0

[Event "Mondiale Lampo FIDE 2017"]
[Site "Riyadh"]
[Date "29.12.2017"]
[Round "8.42"]
[White "Kokarev, Dmitry"]
[Black "Ibrahimov, Rasul"]
[Result "1-0"]
[WhiteTitle "GM"]
[BlackTitle "GM"]
[WhiteElo "2615"]
[BlackElo "2518"]
[WhiteFideId "4132181"]
[BlackFideId "13400495"]
[EventDate "2017.12.29"]

1. e4 c5 2. Nf3 e6 3. d4 cxd4 4. Nxd4 d6 5. c4 a6 6. Nc3 b6 7. Be2 Bb7 8. O-O
Nf6 9. f3 Be7 10. Be3 O-O 11. a4 Qc7 12. Qd2 Rc8 13. Rfc1 Qd8 14. Rab1 Nfd7 15.
b3 h6 16. Bf1 Ne5 17. Rd1 Qe8 18. Rbc1 Nbd7 19. Bd3 Nxd3 20. Qxd3 Rc7 21. Rb1
Rac8 22. Nde2 Nc5 23. Qd2 Ba8 24. Bf4 Rd8 25. Qe3 Rcc8 26. Kh1 Bf8 27. Qd2 Bc6
28. Qa2 Ba8 29. Be3 Rb8 30. Rd2 Be7 31. Rbd1 Bf8 32. Bf4 Qc6 33. Nd4 Qc7 34. Nc2
Be7 35. Ne3 Bg5 36. Bxg5 hxg5 37. b4 Nb7 38. Rd4 Qe7 39. Qd2 a5 40. bxa5 bxa5
41. Nb5 Nc5 42. Qc2 Nb7 43. Qc3 Qf6 44. Ng4 Qf4 45. g3 1-0

[Event "Mondiale Lampo FIDE 2017"]
[Site "Riyadh"]
[Date "29.12.2017"]
[Round "8.43"]
[White "Abdyjapar, Asyl"]
[Black "Pantsulaia, Levan"]
[Result "0-1"]
[WhiteTitle "IM"]
[BlackTitle "GM"]
[WhiteElo "2382"]
[BlackElo "2612"]
[WhiteFideId "13800337"]
[BlackFideId "13602071"]
[EventDate "2017.12.29"]

1. d4 Nf6 2. c4 c5 3. d5 e6 4. Nc3 exd5 5. cxd5 d6 6. e4 g6 7. f4 Bg7 8. e5 Nfd7
9. Nb5 dxe5 10. Nd6+ Ke7 11. Nc4 Re8 12. Nf3 Kf8 13. Be2 e4 14. Nfe5 Nxe5 15.
fxe5 b5 16. Nd6 Rxe5 17. Nxc8 Qxc8 18. O-O Qd7 19. d6 a6 20. a4 b4 21. Bf4 Nc6
22. Bxe5 Bxe5 23. Bc4 f5 24. Qd5 Kg7 25. Rad1 Bd4+ 26. Kh1 Re8 27. g4 Ne5 28.
gxf5 gxf5 29. Rd2 Rf8 30. Rg2+ Kh6 31. Bxa6 Qf7 32. Qxf7 Rxf7 33. Bb5 c4 34. d7
Bb6 35. Rd1 Bd8 36. Rd6+ Kh5 37. b3 c3 38. Be2+ Nf3 39. Bxf3+ exf3 40. Rf2 Kg4
41. Rd4+ f4 42. Rd3 h5 43. Rfxf3 Re7 44. Rf1 Re3 45. Rd4 Rf3 46. Rg1+ Kf5 47.
Rxb4 Rd3 48. Rf1 f3 49. Rc4 Ke6 50. Rc1 Bf6 51. Rc6+ Kd5 0-1

[Event "Mondiale Lampo FIDE 2017"]
[Site "Riyadh"]
[Date "29.12.2017"]
[Round "8.44"]
[White "Malakhov, Vladimir"]
[Black "Halkias, Stelios"]
[Result "1-0"]
[WhiteTitle "GM"]
[BlackTitle "GM"]
[WhiteElo "2686"]
[BlackElo "2571"]
[WhiteFideId "4120787"]
[BlackFideId "4201809"]
[EventDate "2017.12.29"]

1. e4 e5 2. Nf3 d6 3. d4 exd4 4. Nxd4 Nf6 5. Nc3 Be7 6. g3 d5 7. e5 Ng4 8. Bg2
c6 9. e6 Nf6 10. exf7+ Kxf7 11. O-O Re8 12. Bf4 Na6 13. Re1 Nc5 14. b4 Ne6 15.
Nxe6 Bxe6 16. b5 Bf5 17. bxc6 bxc6 18. Ne2 Bc5 19. c3 Ne4 20. Bxe4 Bxe4 21. Nd4
Kg8 22. Qg4 Qf6 23. Rad1 Rf8 24. f3 Bf5 25. Qh5 Bg6 26. Qh3 Rae8 27. Rxe8 Rxe8
28. Qd7 h6 29. Rd2 Bb6 30. Kg2 c5 31. Nb5 d4 32. cxd4 cxd4 33. Nd6 Rd8 34. Qc6
d3 35. a4 Ba5 36. Qd5+ Kh7 37. Qxa5 Rxd6 38. Bxd6 Qxd6 39. g4 Qf4 40. h4 h5 41.
gxh5 Bf5 42. Rf2 Be6 43. Qd2 Qd4 44. Qg5 Bd5 45. Kg3 Qc5 46. Rb2 Qd6+ 47. Qf4
Qe6 48. Qd4 Qe1+ 49. Kg2 Qe6 50. Qxd3+ Kh6 51. Qd2+ Kh7 52. Qg5 Qd6 53. Qg6+
Qxg6+ 54. hxg6+ Kxg6 55. a5 Kf6 56. Kg3 Ke5 57. f4+ Ke4 58. Kg4 a6 59. Kg5 Be6
60. h5 Bc4 61. Rb7 Bb5 62. Rxg7 Kd5 1-0

[Event "Mondiale Lampo FIDE 2017"]
[Site "Riyadh"]
[Date "29.12.2017"]
[Round "8.45"]
[White "Naiditsch, Arkadij"]
[Black "Fedorchuk, Sergey A."]
[Result "1-0"]
[WhiteTitle "GM"]
[BlackTitle "GM"]
[WhiteElo "2705"]
[BlackElo "2648"]
[WhiteFideId "4650891"]
[BlackFideId "14102536"]
[EventDate "2017.12.29"]

1. d4 Nf6 2. Bf4 e6 3. e3 Be7 4. Nf3 Nh5 5. Bg3 Nxg3 6. hxg3 h6 7. c4 d5 8. Nc3
c6 9. Bd3 Nd7 10. Qc2 Bf6 11. e4 dxc4 12. Bxc4 Nb6 13. Bb3 Bxd4 14. O-O-O c5 15.
e5 Bd7 16. Nxd4 cxd4 17. Rxd4 Qg5+ 18. f4 Qxg3 19. Rh3 Qg4 20. Qd2 Bc6 21. Bd1
Qxg2 22. Qxg2 Bxg2 23. Rg3 Bc6 24. Rxg7 Kf8 25. Rg1 Ke7 26. Bh5 Rag8 27. Rdd1
Nc4 28. Rde1 Rxg1 29. Rxg1 Kf8 30. Be2 Ne3 31. Rg3 Nf5 32. Rh3 Rg8 33. Bd3 Rg1+
34. Kd2 Rg2+ 35. Ne2 Nd4 36. Ke3 Nxe2 37. Bxe2 Kg7 38. b4 a6 39. a3 Bb5 40. Bh5
Ra2 41. Rg3+ Kf8 42. Kd4 Rf2 43. Bf3 Bc6 44. Bxc6 bxc6 45. Kc5 Rxf4 46. Kxc6 a5
47. bxa5 Rc4+ 48. Kb5 Rc8 49. a6 f6 50. Rg6 fxe5 51. Rxe6 Kf7 52. Rxe5 Kf6 53.
Re3 h5 54. a7 Kf5 55. Kb6 Kf4 56. Rd3 Rh8 57. Kb7 Rh7+ 58. Ka6 Rh6+ 59. Ka5 Rh8
60. Rb3 Ra8 61. Ka6 h4 62. Kb7 1-0

[Event "Mondiale Lampo FIDE 2017"]
[Site "Riyadh"]
[Date "29.12.2017"]
[Round "8.46"]
[White "Tregubov, Pavel V."]
[Black "Volokitin, Andrei"]
[Result "0-1"]
[WhiteTitle "GM"]
[BlackTitle "GM"]
[WhiteElo "2575"]
[BlackElo "2628"]
[WhiteFideId "4115341"]
[BlackFideId "14107090"]
[EventDate "2017.12.29"]

1. d4 Nf6 2. c4 e6 3. Nc3 Bb4 4. e3 O-O 5. Bd3 d5 6. a3 dxc4 7. Bxc4 Bd6 8. Nf3
Nc6 9. e4 e5 10. d5 Ne7 11. O-O a6 12. Re1 Ng6 13. Bf1 Bc5 14. Be3 Bxe3 15. Rxe3
Ne8 16. Rc1 Nd6 17. Qc2 f5 18. exf5 Bxf5 19. Qd2 Qf6 20. Na4 Rf7 21. Nc5 Raf8
22. Rce1 Bc8 23. Nxe5 Nxe5 24. Rxe5 Qxf2+ 25. Qxf2 Rxf2 26. Ne6 Bxe6 27. dxe6
Rxb2 28. e7 Re8 29. Rc1 Kf7 30. Rxc7 Rb1 31. Kf2 Kf6 32. Re3 Rb2+ 33. Kg1 Rb1
34. g4 g6 35. Rd7 Nf7 36. Kg2 Rb2+ 37. Kg3 Rb6 38. Bc4 Ne5 39. g5+ Kf5 40. Rd5
Rxe7 41. Bd3+ Kxg5 42. Rdxe5+ Rxe5 43. Rxe5+ Kf6 44. Re3 Rb3 45. Rf3+ Ke5 46.
Be4 Rxf3+ 47. Kxf3 b5 48. Ke3 a5 49. Bd3 b4 50. a4 Kd5 51. Be2 g5 52. Kd3 h6 53.
Bf3+ Ke5 54. Ke3 Kf5 55. Bd1 g4 56. Bc2+ Kg5 57. Bd1 h5 58. Ke4 h4 59. Be2 h3
60. Bf1 g3 61. hxg3 Kg4 62. Kd4 Kxg3 63. Bc4 h2 64. Bd5 Kf2 65. Kc4 Kg1 66. Kd4 0-1

[Event "Mondiale Lampo FIDE 2017"]
[Site "Riyadh"]
[Date "29.12.2017"]
[Round "8.47"]
[White "Shytaj, Luca"]
[Black "Short, Nigel D"]
[Result "0-1"]
[WhiteTitle "IM"]
[BlackTitle "GM"]
[WhiteElo "2459"]
[BlackElo "2678"]
[WhiteFideId "812633"]
[BlackFideId "400025"]
[EventDate "2017.12.29"]

1. e4 e6 2. d4 d5 3. Nc3 Nf6 4. e5 Nfd7 5. Nce2 c5 6. c3 Nc6 7. f4 b5 8. Nf3 b4
9. Ng3 g6 10. Bb5 Qb6 11. Bxc6 Qxc6 12. O-O bxc3 13. bxc3 Ba6 14. Re1 Be7 15.
dxc5 Nxc5 16. Nd4 Qa4 17. Qf3 Nd3 18. Rd1 Nxc1 19. Raxc1 Rc8 20. f5 gxf5 21.
Ngxf5 exf5 22. e6 O-O 23. Nxf5 Bc5+ 24. Kh1 Be2 25. Qxe2 Qe4 26. Qh5 Qxe6 27.
Rxd5 Kh8 28. Nh6 Bb6 29. Rf1 Rxc3 30. Re5 Qg6 31. Qe2 Qxh6 32. Re8 Bd4 33. Rxf8+
Qxf8 34. Qe4 Bg7 35. h4 Kg8 36. h5 h6 37. Qd5 Rc7 38. g4 Qe7 39. Rf3 Qh4+ 0-1

[Event "Mondiale Lampo FIDE 2017"]
[Site "Riyadh"]
[Date "29.12.2017"]
[Round "8.48"]
[White "Inarkiev, Ernesto"]
[Black "Sanal, Vahap"]
[Result "1-0"]
[WhiteTitle "GM"]
[BlackTitle "GM"]
[WhiteElo "2689"]
[BlackElo "2551"]
[WhiteFideId "4162722"]
[BlackFideId "6300545"]
[EventDate "2017.12.29"]

1. d4 Nf6 2. c4 e6 3. Nf3 b6 4. g3 Bb7 5. Bg2 Be7 6. Nc3 O-O 7. d5 exd5 8. cxd5
Bb4 9. Bg5 h6 10. Bxf6 Qxf6 11. Rc1 c5 12. O-O Bxc3 13. bxc3 d6 14. c4 Nd7 15.
e4 Rfe8 16. Re1 Re7 17. Qd2 Rae8 18. Nh4 Ne5 19. f4 Ng6 20. Nf5 Rc7 21. Qc3 Qxc3
22. Rxc3 Rd7 23. a4 Ne7 24. Ne3 Rdd8 25. a5 Ba6 26. Rb3 Nc8 27. Ra1 Bb7 28. a6
Ba8 29. Kf2 g6 30. Kf3 Re7 31. Kf2 Rde8 32. Ra2 f5 33. exf5 b5 34. cxb5 Nb6 35.
fxg6 Rc7 36. Rc3 Rf8 37. h4 Rf6 38. h5 Rf8 39. Rd2 Re8 40. Nf5 Na4 41. Ra3 Nb6
42. Nxh6+ Kh8 43. Rc3 c4 44. Nf7+ Kg7 45. Nxd6 Rf8 46. Rd4 Rd8 47. Nf5+ Kf6 48.
Ne3 Rc5 49. g4 Rxb5 50. g5+ Kg7 51. Nf5+ Kg8 52. h6 Rb2+ 53. Kg3 Re8 54. Bf3 Rb1
55. d6 Bxf3 56. Ne7+ Kf8 57. g7+ Kf7 58. Rxf3 Nd7 59. g6+ Kf6 60. g8=Q Rxg8 61.
Nxg8+ Kxg6 62. Rxc4 Kh5 63. Rc7 1-0

[Event "Mondiale Lampo FIDE 2017"]
[Site "Riyadh"]
[Date "29.12.2017"]
[Round "8.49"]
[White "Minko, Vladimir"]
[Black "Moiseenko, Alexander"]
[Result "0-1"]
[WhiteTitle "IM"]
[BlackTitle "GM"]
[WhiteElo "2381"]
[BlackElo "2667"]
[WhiteFideId "24146706"]
[BlackFideId "14102560"]
[EventDate "2017.12.29"]

1. d4 Nf6 2. c4 e6 3. Nf3 Bb4+ 4. Nbd2 O-O 5. g3 b6 6. Bg2 Bb7 7. O-O Be7 8. Qc2
c5 9. Rd1 cxd4 10. Nxd4 Bxg2 11. Kxg2 Qc7 12. N2f3 a6 13. b3 d6 14. Ba3 Nbd7 15.
Rac1 Rfe8 16. Qd2 Rad8 17. b4 Bf8 18. b5 Ne5 19. Qc3 Qb7 20. Kg1 Ne4 21. Qb3 Ng4
22. Rf1 axb5 23. cxb5 Ra8 24. Nc6 h6 25. Bb2 d5 26. h3 Ngxf2 27. Rxf2 Bc5 28.
Bd4 Bxd4 29. Nfxd4 Nxf2 30. Kxf2 Qd7 31. Nf3 Qd6 32. a4 e5 33. Qe3 e4 34. Nfd4
Rxa4 35. Qf4 Qxf4+ 36. gxf4 Ra3 37. e3 Ra2+ 38. Ne2 Rb2 39. Nd4 g6 40. Rc6 Rb8
41. Rd6 Kg7 42. Rxd5 Ra8 43. Re5 Raa2 44. Rxe4 Rb1 45. Re7 Rh1 46. Kg2 Re1 47.
Rb7 Rexe2+ 48. Nxe2 Rxe2+ 49. Kf3 Rh2 50. Rxb6 Rxh3+ 51. Ke4 Rh1 52. Rb8 h5 53.
b6 Rb1 54. Kd5 h4 55. Rc8 Rxb6 56. Ke4 h3 57. Kf3 h2 58. Rc1 Rb2 59. Rh1 Kf6 60.
e4 Ke6 61. Kg3 Re2 62. Kf3 Rb2 63. Kg3 Rb4 64. Kf3 Rb3+ 65. Kg4 f5+ 66. exf5+
gxf5+ 67. Kh4 Rf3 68. Rxh2 Rxf4+ 69. Kg3 Ra4 70. Rb2 Kf6 71. Kf3 Kg5 72. Rb8
Ra3+ 73. Kf2 Kg4 74. Rb4+ f4 75. Rb8 Ra2+ 76. Kf1 Kg3 77. Rb7 Ra1+ 78. Ke2 f3+
79. Ke3 Re1+ 80. Kd4 0-1

[Event "Mondiale Lampo FIDE 2017"]
[Site "Riyadh"]
[Date "29.12.2017"]
[Round "8.50"]
[White "Samhouri, A."]
[Black "Salgado Lopez, Ivan"]
[Result "0-1"]
[WhiteTitle "FM"]
[BlackTitle "GM"]
[WhiteElo "2355"]
[BlackElo "2644"]
[WhiteFideId "8100640"]
[BlackFideId "2257327"]
[EventDate "2017.12.29"]

1. Nf3 b6 2. g3 Bb7 3. Bg2 Nf6 4. O-O e6 5. d3 Be7 6. Nbd2 O-O 7. b3 a5 8. a4
Na6 9. Bb2 Nb4 10. e4 d6 11. Re1 Nd7 12. Qb1 e5 13. d4 exd4 14. Nxd4 Rb8 15. Nf5
Bf6 16. Nc4 Re8 17. h3 Nf8 18. c3 Nc6 19. Qd1 Bc8 20. Nce3 Ne7 21. Nxe7+ Bxe7
22. Nf5 Bf6 23. Qd2 Ne6 24. Rad1 Bb7 25. Qc2 Qc8 26. c4 Bxb2 27. Qxb2 f6 28. h4
Nc5 29. Qc2 Qe6 30. Bh3 Qf7 31. Bg2 Qf8 32. Nd4 Re7 33. Nf5 Rf7 34. Ne3 Re8 35.
Nd5 Bxd5 36. exd5 Rfe7 0-1

[Event "Mondiale Lampo FIDE 2017"]
[Site "Riyadh"]
[Date "29.12.2017"]
[Round "8.51"]
[White "Khader, Sami"]
[Black "Zhao, Jun"]
[Result "0-1"]
[WhiteTitle "IM"]
[BlackTitle "GM"]
[WhiteElo "2392"]
[BlackElo "2604"]
[WhiteFideId "8100500"]
[BlackFideId "8602522"]
[EventDate "2017.12.29"]

1. e4 c5 2. Nf3 d6 3. d4 cxd4 4. Nxd4 Nf6 5. Nc3 a6 6. Bg5 Nbd7 7. f4 Qc7 8. Qe2
e6 9. O-O-O b5 10. g4 Be7 11. Bg2 Bb7 12. e5 dxe5 13. fxe5 Nd5 14. Bxe7 Nxc3 15.
bxc3 Kxe7 16. Bxb7 Qxb7 17. Qe3 Rhe8 18. Rhf1 Kf8 19. Qd3 Kg8 20. Nf3 Nc5 21.
Qe3 Rac8 22. Ng5 Rf8 23. Rf4 Qe7 24. h4 Na4 25. Rxa4 bxa4 26. Qd3 Qa3+ 0-1

[Event "Mondiale Lampo FIDE 2017"]
[Site "Riyadh"]
[Date "29.12.2017"]
[Round "8.52"]
[White "Al-Hajiri, Bader"]
[Black "Jumabayev, Rinat"]
[Result "0-1"]
[WhiteTitle "FM"]
[BlackTitle "GM"]
[WhiteElo "2165"]
[BlackElo "2612"]
[WhiteFideId "10300163"]
[BlackFideId "13702661"]
[EventDate "2017.12.29"]

1. e4 c5 2. Nf3 e6 3. d4 cxd4 4. Nxd4 Nc6 5. Nc3 Qc7 6. Be3 a6 7. Be2 Nf6 8. O-O
Be7 9. f4 d6 10. Kh1 O-O 11. Qe1 Nxd4 12. Bxd4 b5 13. Bf3 Bb7 14. e5 dxe5 15.
fxe5 Nd7 16. Ne4 Rad8 17. c3 Bxe4 18. Bxe4 Bc5 19. Qh4 g6 20. Rf3 Nxe5 21. Rh3
h5 22. Qg5 Bxd4 23. cxd4 Ng4 24. Rf1 Qc4 25. Bd3 Qd5 26. Rxh5 Qxg5 27. Rxg5 Ne3
28. Rf3 Rd5 29. Re5 Nd1 30. Rxd5 exd5 31. b3 Re8 32. h3 Re1+ 33. Kh2 Kg7 34. Rf1
Rxf1 35. Bxf1 Ne3 36. Bd3 f5 37. Kg3 Nd1 38. Kf4 Kf6 39. h4 Nc3 40. a3 a5 41. g4
fxg4 42. Kxg4 b4 43. axb4 axb4 44. h5 gxh5+ 45. Kxh5 Ne4 46. Kg4 Nf2+ 47. Kf3
Nxd3 48. Ke3 Ne1 49. Ke2 Ng2 50. Kf3 Nh4+ 51. Kg4 Nf5 52. Kf4 Nxd4 53. Ke3 Nc6
54. Kd3 Ke5 55. Kc2 Kd4 56. Kb2 Ne5 57. Kc2 Ke3 58. Kc1 d4 59. Kb2 Nf3 60. Kc2
Ke2 0-1

[Event "Mondiale Lampo FIDE 2017"]
[Site "Riyadh"]
[Date "29.12.2017"]
[Round "8.53"]
[White "Ponomariov, Ruslan"]
[Black "Bukannan, Ahmed A"]
[Result "1-0"]
[WhiteTitle "GM"]
[WhiteElo "2694"]
[BlackElo "1929"]
[WhiteFideId "14103320"]
[BlackFideId "21504164"]
[EventDate "2017.12.29"]

1. e4 Nf6 2. e5 Nd5 3. d4 d6 4. Nf3 Bg4 5. Be2 e6 6. h3 Bxf3 7. Bxf3 c6 8. exd6
Bxd6 9. O-O O-O 10. Nd2 h6 11. c3 Nd7 12. Re1 N7f6 13. g3 Re8 14. Nc4 Bf8 15.
Qe2 Nb6 16. Ne5 Nfd7 17. Be4 Nxe5 18. dxe5 g6 19. h4 Bg7 20. h5 g5 21. Bc2 f5
22. exf6 Qxf6 23. Qe4 Qf5 24. Be3 Nd5 25. Bd2 Qxe4 26. Bxe4 Bf6 27. Re2 Kg7 28.
Kg2 Nc7 29. Rae1 e5 30. Bc1 Ne6 31. Be3 Nf8 32. Rd2 Rad8 33. Red1 Rxd2 34. Rxd2
a6 35. Bb6 Ne6 36. Kh3 Re7 37. Kg4 Nf8 38. Bf5 Ne6 39. Rd6 Nf8 40. Kf3 Rf7 41.
Ke4 Be7 42. Rd2 Bf6 43. a4 Re7 44. Bd8 Re8 45. Bxf6+ Kxf6 46. Rd6+ Kg7 47. a5
Re7 48. b4 Re8 49. c4 Re7 50. Rd8 Nh7 51. Bxh7 Kxh7 52. Rf8 c5 53. bxc5 Rc7 54.
Kd5 Kg7 55. Rf5 Re7 56. Rxe5 Kf6 57. Rxe7 Kxe7 58. c6 bxc6+ 59. Kxc6 1-0